Govt. of
Madhya Pradesh

The Art Of Spending Money (Record no. 68679)

MARC details
000 -LEADER
fixed length control field 00250nam a22001097a 4500
082 ## - DEWEY DECIMAL CLASSIFICATION NUMBER
Classification number 150/HOU
100 ## - MAIN ENTRY--AUTHOR NAME
Personal name Housel,Morgan
245 ## - TITLE STATEMENT
Title The Art Of Spending Money
260 ## - PUBLICATION, DISTRIBUTION, ETC. (IMPRINT)
Place of publication Britain
Name of publisher Harriman House
Year of publication 2025
650 ## - SUBJECT ADDED ENTRY--TOPICAL TERM
Topical Term Psychology
942 ## - ADDED ENTRY ELEMENTS (KOHA)
Koha item type Books
Holdings
Withdrawn status Lost status Damaged status Not for loan Home library Current library Date acquired Cost, normal purchase price Full call number Accession Number Price effective from Koha item type
        MACL MACL 25/02/2026 699.00 150/HOU DPI004173 25/02/2026 Books